| 000 | 00000nam##2200000za#4500 |
| 001 | 9.615780 |
| 003 | CaOODSP |
| 005 | 20210615101302 |
| 007 | ta |
| 008 | 150406|2001||||xxc||||| f|0| 0 eng|d |
| 020 | |a0-662-31191-4 |
| 040 | |aCaOODSP|beng |
| 043 | |an-cn--- |
| 086 | 1 |aNH18-23/81E |
| 110 | 2 |aCanada Mortgage and Housing Corporation. |
| 245 | 10|aSoutheast False Creek design charrette : |bexploring high density, sustainable urban development |
| 260 | |aOttawa - Ontario : |bCanada Mortgage and Housing Corporation |c2001. |
| 300 | |a8p. : |bfigs. ; |c28 cm. |
| 490 | 1 |aResearch highlight. Socio-economic series|v81 |
| 563 | |aPamphlet |
| 590 | |a01-42|b2001-10-19 |
| 690 | 07|aUrban communities|2gcpds |
| 690 | 07|aSustainable development|2gcpds |
| 775 | 08|tCharrette de conception pour Southeast False Creek : |w(CaOODSP)9.625799 |
| 776 | 0#|tSoutheast False Creek design charrette : |w(CaOODSP)9.571760 |
| 830 | #0|aResearch highlight. Socio-economic series ;|v81|w(CaOODSP)9.514827 |
| 986 | |aNHA 60975 |